Pierre Leroux et ses oeuvres (Record no. 162903)

MARC details
000 -LEADER
campo de control de longitud fija 00795nam a22002055i 4500
001 - NÚMERO DE CONTROL
campo de control 162903
003 - IDENTIFICADOR DE NÚMERO DE CONTROL
campo de control ES-MaACL
005 - FECHA Y HORA DE LA ÚLTIMA TRANSACCIÓN
campo de control 20250716010251.0
008 - DATOS DE LONGITUD FIJA--INFORMACIÓN GENERAL
campo de control de longitud fija 050707s1899 fr |||| | fre d
040 ## - FUENTE DE CATALOGACIÓN
Centro catalogador/agencia de origen CAM
Lengua de catalogación spa
Centro/agencia transcriptor CAM
100 1# - ENTRADA PRINCIPAL--NOMBRE DE PERSONA
Nombre de persona Raillard, Célestin.
9 (RLIN) 131567
245 10 - MENCIÓN DEL TÍTULO
Título Pierre Leroux et ses oeuvres
Resto del título : l'homme, le philosophe, le socialiste /
Mención de responsabilidad, etc. par Célestin Raillard.
260 ## - PUBLICACIÓN, DISTRIBUCIÓN, ETC.
Lugar de publicación, distribución, etc. Chateauroux :
Nombre del editor, distribuidor, etc. [s.n.],
Fecha de publicación, distribución, etc. 1899 (
Fabricante typographie et litographie P. Langlois et Cie.)
300 ## - DESCRIPCIÓN FÍSICA
Extensión 186 p., [1] h. de lám. ;
Dimensiones 23 cm.
600 17 - PUNTO DE ACCESO ADICIONAL DE MATERIA--NOMBRE DE PERSONA
Nombre de persona Leroux, Pierre,
Fechas asociadas al nombre 1797-1871-
Subdivisión de forma Biografías
Fuente del encabezamiento o término
9 (RLIN) 128895
600 17 - PUNTO DE ACCESO ADICIONAL DE MATERIA--NOMBRE DE PERSONA
Nombre de persona Leroux, Pierre,
Fechas asociadas al nombre 1797-1871-
Subdivisión general Crítica e interpretación
Fuente del encabezamiento o término
9 (RLIN) 128896
752 ## - ENTRADA AGREGADA--NOMBRE JERÁRQUICO DEL LUGAR
País o entidad superior Francia -
Ciudad Chateauroux
852 ## - LOCALIZACIÓN
Ubicación ES-MaACL
Número de control de estantería F-9460
Nota libre -- Rúst.
Holdings
Estatus retirado Estado de pérdida Estado de daño No para préstamo Colección Biblioteca de origen Biblioteca actual Ubicación en estantería Fecha de adquisición Fuente de adquisición Total de préstamos Signatura topográfica completa Código de barras Visto por última vez Precio de reemplazo Tipo de ítem Koha
        Libros del s. XIX Biblioteca del Ateneo de Madrid Biblioteca del Ateneo de Madrid Sala Pecera Planta 2 17/01/2008     F-9460 1170683 23/02/2023 23/02/2023 Libro impreso antiguo